[Event "Cracovia 2008 op A"]
[Site "Krakow"]
[Date "2008.12.27"]
[Round "1.27"]
[White "Rutkowski, Maciej"]
[Black "Sliwerski, Radoslaw"]
[Result "1/2-1/2"]
[WhiteElo "2336"]
[BlackElo "2120"]
[PlyCount "34"]
[EventDate "2008.??.??"]

1. e4 c5 2. Ne2 d6 3. g3 g6 4. Bg2 Bg7 5. d4 Nc6 6. d5 Ne5 7. O-O Nf6 8. a4 O-O
9. Na3 a6 10. f4 Ned7 11. Nc4 Nb6 12. Ne3 Ng4 13. Nxg4 Bxg4 14. h3 Bd7 15. c3
a5 16. Be3 Nc4 17. Bc1 b5 1/2-1/2

[Event "Cracovia 2008 op A"]
[Site "Krakow"]
[Date "2008.12.27"]
[Round "1.28"]
[White "Musialkiewicz, Jan"]
[Black "Samojlov, Anton"]
[Result "1/2-1/2"]
[WhiteElo "2117"]
[BlackElo "2331"]
[PlyCount "108"]
[EventDate "2008.??.??"]

1. e4 c5 2. Nf3 Nc6 3. d4 cxd4 4. Nxd4 Nf6 5. Nc3 e5 6. Ndb5 d6 7. Bg5 a6 8.
Na3 b5 9. Nd5 Be7 10. Bxf6 Bxf6 11. c3 Bb7 12. Nc2 Nb8 13. Nce3 O-O 14. Nf5 Bc6
15. f3 g6 16. Nxf6+ Qxf6 17. Qxd6 Qxd6 18. Nxd6 Nd7 19. c4 b4 20. c5 Rad8 21.
Rc1 Kg7 22. Nc4 f5 23. Na5 Rf6 24. exf5 e4 25. f4 e3 26. Rd1 Be4 27. Ke2 Bxf5
28. h3 Re8 29. g4 Be6 30. c6 Nc5 31. Rd4 Bxa2 32. Bg2 Ne6 33. Rd7+ Kg8 34. f5
Nf4+ 35. Kf3 g5 36. b3 Bxb3 37. Nxb3 Rxc6 38. Nd4 Rc3 39. Ne2 Rc2 40. f6 Kf8
41. Re1 Re6 42. Bf1 Rxf6 43. Kxe3 Re6+ 44. Kf3 b3 45. Rb1 Nxe2 46. Bxe2 Rexe2
47. Rxb3 Rf2+ 48. Kg3 Rg2+ 49. Kf3 Rcf2+ 50. Ke3 Rf7 51. Rxf7+ Kxf7 52. Rb7+
Kf6 53. Rxh7 Ra2 54. Kd4 Rd2+ 1/2-1/2

[Event "Cracovia 2008 op A"]
[Site "Krakow"]
[Date "2008.12.27"]
[Round "1.29"]
[White "Nguyen, Piotr"]
[Black "Hansen, Victor"]
[Result "1-0"]
[WhiteElo "2327"]
[BlackElo "2112"]
[PlyCount "85"]
[EventDate "2008.??.??"]

1. Nf3 d5 2. g3 c5 3. c4 e6 4. Bg2 Nf6 5. O-O Be7 6. cxd5 exd5 7. d4 b6 8. Nc3
O-O 9. Bg5 Bb7 10. Rc1 Nbd7 11. Ne5 Nxe5 12. dxe5 Ne4 13. Bxe7 Qxe7 14. f4 Nxc3
15. Rxc3 d4 16. Bxb7 Qxb7 17. Rd3 Qd5 18. e3 Qxa2 19. exd4 cxd4 20. Rf2 Rad8
21. Rxd4 Rxd4 22. Qxd4 Rc8 23. f5 h5 24. Qd1 h4 25. f6 Qe6 26. Qh5 Rc1+ 27. Kg2
h3+ 28. Kf3 Qd5+ 29. Kg4 Qe6+ 30. Kh4 Rc4+ 31. g4 g6 32. Qg5 Kh7 33. Rd2 Qf5
34. Qxf5 gxf5 35. Kh5 fxg4 36. Rd7 g3 37. Rxf7+ Kh8 38. e6 gxh2 39. e7 Re4 40.
Rf8+ Kh7 41. Rf7+ Kg8 42. Rg7+ Kh8 43. f7 1-0

[Event "Cracovia 2008 op A"]
[Site "Krakow"]
[Date "2008.12.27"]
[Round "1.30"]
[White "Kucypera, Malgorzata"]
[Black "Ashton, Adam G"]
[Result "0-1"]
[WhiteElo "2111"]
[BlackElo "2325"]
[PlyCount "72"]
[EventDate "2008.??.??"]

1. e4 e5 2. Nf3 Nc6 3. Bc4 Nf6 4. d4 exd4 5. e5 d5 6. Bb5 Ne4 7. Nxd4 Bd7 8.
Bxc6 bxc6 9. O-O Bc5 10. f3 Ng5 11. Be3 Bb6 12. Qd2 h6 13. Nb3 O-O 14. Nc3 Bf5
15. Bf2 Ne6 16. Rad1 Re8 17. Na4 Qe7 18. Rfe1 Rad8 19. Nxb6 cxb6 20. Nd4 Nxd4
21. Bxd4 c5 22. Bf2 d4 23. Rc1 Qe6 24. b3 Rd5 25. f4 Red8 26. Bh4 Rc8 27. h3 h5
28. Qe2 Qg6 29. Qf3 Rd7 30. Re2 c4 31. bxc4 Rxc4 32. Rf1 Rc3 33. Qa8+ Kh7 34.
Kh2 Rxc2 35. Rxc2 Bxc2 36. Be1 Be4 0-1

[Event "Cracovia 2008 op A"]
[Site "Krakow"]
[Date "2008.12.27"]
[Round "1.31"]
[White "Miroslaw, Michal"]
[Black "Kumor, Lukasz"]
[Result "1/2-1/2"]
[WhiteElo "2323"]
[BlackElo "2105"]
[PlyCount "111"]
[EventDate "2008.??.??"]

1. e4 e6 2. d4 d5 3. Nd2 Nf6 4. e5 Nfd7 5. Bd3 c5 6. c3 Nc6 7. Ne2 cxd4 8. cxd4
Qb6 9. Nf3 f6 10. exf6 Nxf6 11. O-O Bd6 12. b3 Qc7 13. h3 O-O 14. Be3 Bd7 15.
Nc3 a6 16. Rc1 Be8 17. Ng5 Qe7 18. f4 Ba3 19. Rc2 Nb4 20. Re2 Rc8 21. Qd2 h6
22. Nxe6 Qxe6 23. f5 Qb6 24. Nb1 Nxd3 25. Nxa3 Nb4 26. Bxh6 Ne4 27. Rxe4 dxe4
28. Bxg7 Kxg7 29. Qg5+ Kf7 30. f6 Qxd4+ 31. Kh1 Qc5 32. Qg7+ Ke6 33. Qg4+ Kf7
34. Qg7+ Ke6 35. Qg4+ Kd6 36. Nc4+ Kc7 37. Qf4+ Kd8 38. Rd1+ Bd7 39. Nd6 Rc7
40. f7 Nd5 41. Qg5+ Ne7 42. Nxb7+ Rxb7 43. Qxc5 Rxf7 44. Qc4 Ke8 45. Qxe4 Bc6
46. Qe5 Rb5 47. Qg3 Rff5 48. Rd2 Rbe5 49. Kh2 Rg5 50. Qd3 Rd5 51. Qe3 Rxd2 52.
Qxd2 Rxg2+ 53. Qxg2 Bxg2 54. Kxg2 Kf7 55. Kf3 Ke6 56. Ke4 1/2-1/2

[Event "Cracovia 2008 op A"]
[Site "Krakow"]
[Date "2008.12.27"]
[Round "1.32"]
[White "Vasylius, Kestutis"]
[Black "Brokken, Dennis"]
[Result "0-1"]
[WhiteElo "2105"]
[BlackElo "2306"]
[PlyCount "97"]
[EventDate "2008.??.??"]

1. e4 c6 2. d4 d5 3. Nc3 dxe4 4. Nxe4 Bf5 5. Ng3 Bg6 6. Nf3 Nf6 7. Bd3 Bxd3 8.
Qxd3 c5 9. dxc5 Qa5+ 10. Bd2 Qxc5 11. O-O-O Nc6 12. Be3 Qa5 13. Qb3 Qc7 14.
Rhe1 e6 15. Nf5 g6 16. Bg5 gxf5 17. Bxf6 Bh6+ 18. Kb1 O-O 19. Ne5 Bf4 20. Qf3
Bxe5 21. Rxe5 Qxe5 22. Bxe5 Nxe5 23. Qg3+ Ng6 24. h4 h5 25. Qg5 Kg7 26. g3 f4
27. Qxh5 fxg3 28. fxg3 Rad8 29. Rxd8 Rxd8 30. c4 e5 31. Qf3 Re8 32. h5 e4 33.
Qe3 Nf8 34. Qg5+ Kh7 35. Qf5+ Kg8 36. Kc1 e3 37. Kd1 e2+ 38. Ke1 Re6 39. Qd5
Nh7 40. c5 Kg7 41. b4 Kf6 42. Qf3+ Kg7 43. Qf5 Kh6 44. Qxf7 Ng5 45. Qf4 Kxh5
46. b5 Kh6 47. g4 a6 48. b6 Re5 49. c6 0-1

[Event "Cracovia 2008 op A"]
[Site "Krakow"]
[Date "2008.12.27"]
[Round "1.33"]
[White "Tokarski, Lukasz"]
[Black "Siwiec, Arkadiusz"]
[Result "0-1"]
[WhiteElo "2302"]
[BlackElo "2095"]
[PlyCount "62"]
[EventDate "2008.??.??"]

1. e4 c5 2. Nf3 d6 3. d4 cxd4 4. Nxd4 Nf6 5. Nc3 Nc6 6. Bc4 Qb6 7. Nb3 e6 8.
Be3 Qc7 9. Bd3 a6 10. a4 b6 11. f4 Bb7 12. O-O Be7 13. g4 Nd7 14. g5 Nb4 15.
Nd4 d5 16. exd5 Nxd5 17. Nxd5 Bxd5 18. c4 Bb7 19. Qg4 Bc5 20. Rae1 O-O-O 21.
Be2 Nf6 22. Qh4 Bxd4 23. Bxd4 Rxd4 24. gxf6 gxf6 25. Rf2 Rg8+ 26. Kf1 Bg2+ 27.
Rxg2 Rxf4+ 28. Qf2 Rxg2 29. Qxf4 Qxf4+ 30. Kxg2 Qd2 31. Kf2 Qxb2 0-1

[Event "Cracovia 2008 op A"]
[Site "Krakow"]
[Date "2008.12.27"]
[Round "1.34"]
[White "Demidowicz, Maria"]
[Black "Majdan, Joanna"]
[Result "0-1"]
[WhiteElo "2093"]
[BlackElo "2284"]
[PlyCount "76"]
[EventDate "2008.??.??"]

1. e4 c5 2. Nf3 Nc6 3. d4 cxd4 4. Nxd4 Qb6 5. Nb3 e6 6. Nc3 a6 7. Bd3 Nf6 8.
Qe2 d6 9. Be3 Qc7 10. O-O-O Be7 11. f4 b5 12. g4 Nd7 13. g5 Nc5 14. Nxc5 dxc5
15. e5 c4 16. Be4 Bb7 17. Qg2 Rb8 18. Bf3 Na5 19. Ne4 Bxe4 20. Bxe4 c3 21. b3
Nc4 22. Bc6+ Kf8 23. Bd4 Qa5 24. Kb1 Nd2+ 25. Ka1 Ba3 26. Rxd2 cxd2 27. Rd1 Bb4
28. Qf3 Rd8 29. Bb2 g6 30. h4 h5 31. Kb1 Qb6 32. Be4 a5 33. Bd3 Qc5 34. Qe2 a4
35. a3 Bxa3 36. Qxd2 Bxb2 37. Kxb2 axb3 38. cxb3 Ra8 0-1

[Event "Cracovia 2008 op A"]
[Site "Krakow"]
[Date "2008.12.27"]
[Round "1.35"]
[White "Krzyzanowski, Marcin"]
[Black "Pipala, Janusz"]
[Result "1-0"]
[WhiteElo "2280"]
[BlackElo "2086"]
[PlyCount "49"]
[EventDate "2008.??.??"]

1. e4 e5 2. Nf3 Nc6 3. Bb5 a6 4. Ba4 Nf6 5. O-O Be7 6. Re1 b5 7. Bb3 d6 8. c3
Na5 9. Bc2 c5 10. d4 Qc7 11. h3 O-O 12. Nbd2 Re8 13. Nf1 cxd4 14. cxd4 exd4 15.
Nxd4 Bd7 16. b3 Nc6 17. Bb2 Nb4 18. Bb1 d5 19. a3 Nc6 20. exd5 Nxd4 21. Bxd4
Rad8 22. Rxe7 Rxe7 23. Bxf6 gxf6 24. d6 Bc8 25. Qh5 1-0

[Event "Cracovia 2008 op A"]
[Site "Krakow"]
[Date "2008.12.27"]
[Round "1.36"]
[White "Hermanowicz, Dominika"]
[Black "Stoma, Pawel"]
[Result "1/2-1/2"]
[WhiteElo "2084"]
[BlackElo "2268"]
[PlyCount "58"]
[EventDate "2008.??.??"]

1. e4 c5 2. Nf3 Nc6 3. Bb5 e6 4. Bxc6 bxc6 5. O-O Qc7 6. c3 Ba6 7. Re1 Bd3 8.
b3 Qf4 9. e5 f6 10. Re3 fxe5 11. Rxd3 e4 12. Re3 exf3 13. Qxf3 Qxf3 14. Rxf3 a5
15. d3 a4 16. Bb2 Nf6 17. Rf4 axb3 18. axb3 Rb8 19. Nd2 Bd6 20. Rfa4 Ke7 21. g3
g5 22. Ra5 Rhf8 23. Ba3 Rb5 24. Ra6 Ng4 25. c4 Rbb8 26. Ne4 Rxb3 27. d4 Rxa3
28. R1xa3 cxd4 29. c5 Be5 1/2-1/2

[Event "Cracovia 2008 op A"]
[Site "Krakow"]
[Date "2008.12.27"]
[Round "1.37"]
[White "Soozankar, A.M."]
[Black "Nasuta, Grzegorz"]
[Result "1/2-1/2"]
[WhiteElo "2264"]
[BlackElo "2081"]
[PlyCount "120"]
[EventDate "2008.??.??"]

1. e4 c5 2. Nf3 d6 3. Bb5+ Bd7 4. Bxd7+ Qxd7 5. O-O Nc6 6. c3 g6 7. d4 cxd4 8.
cxd4 Bg7 9. Nc3 Nf6 10. Re1 Rd8 11. Bg5 O-O 12. Nd5 Rfe8 13. Nxf6+ exf6 14. Bh4
Rc8 15. d5 Ne5 16. Nd4 Rc4 17. f4 Ng4 18. Qd3 Qa4 19. Rad1 f5 20. Nxf5 gxf5 21.
b3 Bd4+ 22. Kh1 Qa5 23. bxc4 Bf2 24. Qh3 Bxe1 25. Rxe1 Qxa2 26. Qg3 Qxc4 27. h3
Rxe4 28. hxg4 Rxe1+ 29. Qxe1 Qxd5 30. Qe8+ Kg7 31. Be7 fxg4 32. Qf8+ Kg6 33.
Bh4 Qd1+ 34. Kh2 g3+ 35. Bxg3 Qh5+ 36. Kg1 Qd1+ 37. Kh2 Qh5+ 38. Kg1 Qd1+ 39.
Kf2 Qd2+ 40. Kf1 Qd1+ 41. Be1 Qd3+ 42. Kf2 Qd4+ 43. Ke2 Qxf4 44. Qg8+ Kf6 45.
Bh4+ Ke6 46. Qc8+ Ke5 47. Qc3+ Kd5 48. Qd3+ Ke6 49. Bf2 Qe5+ 50. Kf1 Qa1+ 51.
Be1 Qa6 52. Qxa6 bxa6 53. Ke2 Kd5 54. Kd3 f5 55. Bc3 f4 56. Bd2 Ke5 57. Bc3+
Kd5 58. Bd2 Ke5 59. Bc3+ Kf5 60. Bb4 Ke5 1/2-1/2

[Event "Cracovia 2008 op A"]
[Site "Krakow"]
[Date "2008.12.27"]
[Round "1.40"]
[White "Hansen, Knut"]
[Black "Szwed, Jacek"]
[Result "0-1"]
[WhiteElo "2076"]
[BlackElo "2258"]
[PlyCount "54"]
[EventDate "2008.??.??"]

1. e4 c5 2. Nf3 d6 3. d4 cxd4 4. Nxd4 Nf6 5. Nc3 a6 6. a4 b6 7. g3 Bb7 8. Bg2
e6 9. O-O Qc7 10. h3 Be7 11. Be3 O-O 12. Re1 Nc6 13. Nxc6 Bxc6 14. Qe2 Qb7 15.
f3 Rfd8 16. Rad1 b5 17. a5 b4 18. Nb1 Nd7 19. Nd2 Rac8 20. Nb3 d5 21. exd5 Bxd5
22. Rd2 Ne5 23. Bb6 Nxf3+ 24. Bxf3 Bxf3 25. Rxd8+ Bxd8 26. Qf2 Bd5 27. Nc5 Bxb6
0-1

[Event "Cracovia 2008 op A"]
[Site "Krakow"]
[Date "2008.12.27"]
[Round "1.41"]
[White "Ponizil, Cyril"]
[Black "Baumann, Dariusz"]
[Result "1-0"]
[WhiteElo "2251"]
[BlackElo "2074"]
[PlyCount "157"]
[EventDate "2008.??.??"]

1. e4 c5 2. Nf3 d6 3. d4 cxd4 4. Nxd4 Nf6 5. Nc3 Nc6 6. Be2 e6 7. O-O Be7 8.
Kh1 O-O 9. f4 a6 10. a4 Qc7 11. Bf3 Nxd4 12. Qxd4 e5 13. Qf2 exf4 14. Bxf4 Be6
15. Qg3 Nd7 16. Be2 Ne5 17. Bd3 Rad8 18. Be3 Rfe8 19. a5 Qb8 20. Ne2 Ng6 21.
Bd4 Bh4 22. Qe3 h6 23. Ng3 Bg5 24. Qf2 Bh4 25. Bc3 f6 26. Qf3 Bxg3 27. Qxg3 Bf7
28. e5 Nxe5 29. Rxf6 Kf8 30. Rf2 Rd7 31. Raf1 Kg8 32. Bh7+ Kxh7 33. Rxf7 Rxf7
34. Rxf7 Rg8 35. Bxe5 dxe5 36. Qf3 Qd6 37. Rxb7 Rf8 38. Qe4+ Kh8 39. h3 Rf4 40.
Qe2 Rd4 41. Rb6 Rd1+ 42. Kh2 Qd4 43. Rb8+ Kh7 44. Rf8 e4 45. Qf2 Qe5+ 46. Qf4
Rd5 47. b4 e3 48. Qxe5 Rxe5 49. Rf1 Re4 50. c3 Rc4 51. Rc1 e2 52. Re1 Rxc3 53.
Rxe2 Rb3 54. Re4 Kg8 55. Rf4 Kh7 56. h4 g5 57. hxg5 hxg5 58. Re4 Kg7 59. g4 Kf6
60. Kg2 Rd3 61. Kf2 Rd1 62. Ke2 Rd8 63. Ke3 Rd1 64. Rc4 Rd6 65. Ke4 Ke6 66. Rc5
Kf6 67. Rf5+ Kg6 68. b5 axb5 69. Rxb5 Rd1 70. Rb6+ Kf7 71. a6 Ra1 72. Kd5 Rc1
73. Rc6 Rb1 74. Kd6 Kf6 75. Kc7+ Ke5 76. a7 Ra1 77. Kb7 Kf4 78. Rc4+ Kg3 79.
a8=Q 1-0

[Event "Cracovia 2008 op A"]
[Site "Krakow"]
[Date "2008.12.31"]
[Round "1.42"]
[White "Deriabina, Svetlana"]
[Black "Klim, Kamil"]
[Result "1/2-1/2"]
[WhiteElo "2066"]
[BlackElo "2249"]
[PlyCount "96"]
[EventDate "2008.??.??"]

1. e4 c5 2. c3 Nf6 3. e5 Nd5 4. Nf3 Nc6 5. d4 cxd4 6. cxd4 d6 7. Bc4 Nb6 8. Bb3
e6 9. O-O Be7 10. Nc3 dxe5 11. dxe5 Nd7 12. Qe2 g5 13. Bxe6 fxe6 14. Nxg5 Ndxe5
15. Qh5+ Ng6 16. Nce4 Qd4 17. Be3 Qg7 18. Nf3 Bd7 19. b4 e5 20. Bh6 Qf7 21. b5
Nd4 22. Nxe5 Qd5 23. Nxd7 Qxd7 24. Bg7 Qf5 25. Qxf5 Nxf5 26. Bxh8 Nxh8 27. Rac1
Rd8 28. Rfe1 Nd6 29. Nf6+ Kf7 30. Nd5 Ng6 31. Nxe7 Nxe7 32. Rc7 Ndc8 33. g3 b6
34. Rec1 Kf6 35. R1c4 Rd1+ 36. Kg2 Nd6 37. Rf4+ Ke6 38. Rxa7 h6 39. a4 Nd5 40.
Rf8 Rd2 41. Rh7 Nf6 42. Rxh6 Nde4 43. g4 Ke5 44. g5 Ng4 45. Rhh8 Ngxf2 46. Kf3
Rd3+ 47. Kg2 Rd2 48. Kf3 Rd3+ 1/2-1/2

[Event "Cracovia 2008 op A"]
[Site "Krakow"]
[Date "2008.12.27"]
[Round "1.43"]
[White "Tokarski, Bartosz"]
[Black "Gawronski, Lukasz"]
[Result "1/2-1/2"]
[WhiteElo "2249"]
[BlackElo "2066"]
[PlyCount "41"]
[EventDate "2008.??.??"]

1. e4 c5 2. Nf3 Nc6 3. d4 cxd4 4. Nxd4 Nf6 5. Nc3 e5 6. Ndb5 d6 7. Bg5 a6 8.
Na3 b5 9. Nd5 Be7 10. Bxf6 Bxf6 11. c3 Bg5 12. Nc2 Rb8 13. a4 bxa4 14. Ncb4
Nxb4 15. Nxb4 Bd7 16. Bxa6 Qa5 17. Qxd6 Rb6 18. Qd3 Be7 19. Nd5 Rxb2 20. Rd1
Bg4 21. f3 1/2-1/2

[Event "Cracovia 2008 op A"]
[Site "Krakow"]
[Date "2008.12.27"]
[Round "1.44"]
[White "Motor, Marta"]
[Black "Cechura, Petr"]
[Result "0-1"]
[WhiteElo "2065"]
[BlackElo "2249"]
[PlyCount "70"]
[EventDate "2008.??.??"]

1. e4 c5 2. Nf3 d6 3. d4 cxd4 4. Nxd4 Nf6 5. Nc3 a6 6. Be2 e5 7. Nb3 Be6 8. Be3
Be7 9. O-O O-O 10. f4 exf4 11. Bxf4 Nc6 12. Qe1 d5 13. exd5 Nxd5 14. Nxd5 Qxd5
15. Bf3 Qc4 16. Qe4 Qxe4 17. Bxe4 Rad8 18. c3 Rd7 19. Rad1 Rfd8 20. Rxd7 Rxd7
21. Re1 g5 22. Be3 Kg7 23. Nd4 Nxd4 24. Bxd4+ Bf6 25. Bxf6+ Kxf6 26. Bxh7 Rd2
27. b4 Bxa2 28. Be4 b6 29. Bb7 a5 30. bxa5 bxa5 31. Re4 Bb3 32. c4 a4 33. c5 a3
34. Re1 a2 35. Bf3 Bd1 0-1

[Event "Cracovia 2008 op A"]
[Site "Krakow"]
[Date "2008.12.27"]
[Round "1.45"]
[White "Galazewski, Tomasz"]
[Black "Wierzbicka, Wiktoria"]
[Result "1-0"]
[WhiteElo "2245"]
[BlackElo "2056"]
[PlyCount "97"]
[EventDate "2008.??.??"]

1. e4 c5 2. Nf3 d6 3. d4 cxd4 4. Qxd4 a6 5. c4 Nc6 6. Qd2 Nf6 7. Nc3 e6 8. Be2
Be7 9. O-O O-O 10. b3 b6 11. Rd1 Qc7 12. Ba3 Rd8 13. Rac1 Qa7 14. h3 Bb7 15.
Qe3 Rab8 16. Qf4 Ne8 17. Qg3 Ba8 18. Bb2 Bf6 19. Rd2 Ne5 20. Rcd1 Nxf3+ 21.
Qxf3 Bc6 22. a4 Qb7 23. Bd3 Kh8 24. Qe2 Bg5 25. Rc2 Ra8 26. b4 Nf6 27. b5 axb5
28. cxb5 Be8 29. Re1 Nd7 30. e5 d5 31. Qg4 Bh6 32. Rce2 Nc5 33. Qd4 Nxd3 34.
Qxd3 d4 35. Ne4 Rxa4 36. Nd6 Qd5 37. Re4 Bg5 38. Rxd4 Rxd4 39. Qxd4 Qc5 40.
Qxc5 bxc5 41. b6 Kg8 42. Nxe8 Rxe8 43. b7 Rb8 44. Ra1 Bd8 45. Ra8 Bc7 46. Ba3
f6 47. Bxc5 Kf7 48. Rxb8 Bxb8 49. Bd6 1-0

[Event "Cracovia 2008 op A"]
[Site "Krakow"]
[Date "2008.12.27"]
[Round "1.46"]
[White "Wiewiora, Eneasz"]
[Black "Duhayon, Yves"]
[Result "0-1"]
[WhiteElo "2044"]
[BlackElo "2237"]
[PlyCount "104"]
[EventDate "2008.??.??"]

1. e4 e5 2. Nf3 Nc6 3. Bc4 Nf6 4. d4 exd4 5. O-O Nxe4 6. Re1 d5 7. Bxd5 Qxd5 8.
Nc3 Qh5 9. Nxe4 Be6 10. Bg5 h6 11. Bf6 Qg6 12. Nh4 Qg4 13. Qd3 a6 14. h3 Qh5
15. a4 Qa5 16. Bxd4 O-O-O 17. c3 Nxd4 18. cxd4 Bb4 19. Nc3 Rd7 20. Rad1 Rhd8
21. Nf3 Bf5 22. Qc4 Be6 23. Qd3 Qf5 24. Qd2 g5 25. Re5 Qg6 26. Re3 Qg7 27. Ne5
Rxd4 28. Rd3 Rxd3 29. Nxd3 Bb3 30. Nxb4 Rxd2 31. Rxd2 a5 32. Nd3 Qd4 33. Ne2
Qxa4 34. Ne5 Qa1+ 35. Kh2 f6 36. Ng6 Qe1 37. Ne7+ Kb8 38. Rd8+ Ka7 39. Nc8+ Ka6
40. Nd4 a4 41. Nf3 Qxf2 42. Rd2 Qc5 43. Re2 Bd1 44. Re6+ b6 45. Ne7 Bxf3 46.
gxf3 Qf2+ 47. Kh1 Qxf3+ 48. Kh2 Qf2+ 49. Kh1 Qxb2 50. Nd5 Qc1+ 51. Kg2 Qd2+ 52.
Kg3 Qxd5 0-1

[Event "Cracovia 2008 op A"]
[Site "Krakow"]
[Date "2008.12.27"]
[Round "1.47"]
[White "Paterek, Michal"]
[Black "Drozdowski, Kacper"]
[Result "1-0"]
[WhiteElo "2235"]
[BlackElo "2039"]
[PlyCount "51"]
[EventDate "2008.??.??"]

1. d4 d5 2. c4 dxc4 3. Nc3 Nf6 4. Nf3 c6 5. a4 Bf5 6. Ne5 e6 7. f3 Bb4 8. e4
Nxe4 9. fxe4 Qh4+ 10. Ke2 Bxc3 11. bxc3 Qxe4+ 12. Kf2 O-O 13. Bxc4 c5 14. Re1
Qh4+ 15. Kg1 Nc6 16. Nxc6 bxc6 17. Ba3 cxd4 18. Bxf8 dxc3 19. Bxg7 Kxg7 20. Qe2
Qd4+ 21. Kh1 c2 22. Bb3 Rb8 23. Bxc2 Rb2 24. Qd1 Qf2 25. Re2 Qf4 26. Bxf5 1-0

[Event "Cracovia 2008 op A"]
[Site "Krakow"]
[Date "2008.12.27"]
[Round "1.48"]
[White "Andrzejewska, Anna"]
[Black "Rudnicki, Milosz"]
[Result "0-1"]
[WhiteElo "2030"]
[BlackElo "2232"]
[PlyCount "102"]
[EventDate "2008.??.??"]

1. e4 c5 2. Nf3 d6 3. d4 cxd4 4. Nxd4 Nf6 5. Nc3 g6 6. Be3 Bg7 7. Bc4 Nc6 8. f3
O-O 9. Qd2 Nd7 10. O-O-O Nb6 11. Bb3 Na5 12. Qe2 Nxb3+ 13. cxb3 Bd7 14. Kb1 a5
15. h4 a4 16. bxa4 Nxa4 17. Nxa4 Rxa4 18. h5 Qc7 19. hxg6 fxg6 20. Rc1 Qa5 21.
Nb3 Qe5 22. Bh6 Rfa8 23. Bxg7 Qxg7 24. a3 Be6 25. Qb5 Qf7 26. Rc3 R8a7 27. Qb6
R4a6 28. Qd8+ Kg7 29. Nd4 Ra8 30. Nxe6+ Qxe6 31. Qc7 b5 32. Qb7 R8a7 33. Qxb5
Ra5 34. Qb6 Qf6 35. Qd8 Rb5 36. Kc2 Rab7 37. b4 Rb8 38. Qd7 R5b7 39. Qh3 h5 40.
Qg3 Rb5 41. f4 Qe6 42. Re1 Qa2+ 43. Kd3 d5 44. f5 dxe4+ 45. Ke3 Rxf5 46. Re2
Qa1 47. Qc7 Rb7 48. Qc4 Rd7 49. Kxe4 e5 50. Qc5 Rd4+ 51. Ke3 Qg1+ 0-1

[Event "Cracovia 2008 op A"]
[Site "Krakow"]
[Date "2008.12.27"]
[Round "1.49"]
[White "Kalvaitis, Sigitas"]
[Black "Golek, Jagoda"]
[Result "1/2-1/2"]
[WhiteElo "2230"]
[BlackElo "2028"]
[PlyCount "106"]
[EventDate "2008.??.??"]

1. e4 d5 2. exd5 Qxd5 3. Nc3 Qd6 4. d4 Nf6 5. g3 a6 6. Bg2 c6 7. Nf3 Bf5 8. O-O
e6 9. Ne5 Qc7 10. Qe2 Nbd7 11. Nc4 Nb6 12. Bf4 Qd8 13. Ne5 Rc8 14. Rad1 Bd6 15.
Ne4 Bxe4 16. Bxe4 Nxe4 17. Qxe4 Nd5 18. Bd2 Nf6 19. Qe2 O-O 20. c4 Qc7 21. Bc3
Rfd8 22. Rfe1 c5 23. dxc5 Bxc5 24. b4 Bf8 25. Rxd8 Rxd8 26. Rd1 Rxd1+ 27. Qxd1
Ne4 28. Qd4 Nxc3 29. Qxc3 Qd6 30. Nd3 h6 31. a4 Be7 32. b5 axb5 33. cxb5 b6 34.
Qc4 Bf6 35. Kg2 Bd4 36. Qc8+ Kh7 37. Qc6 Qd8 38. Qe4+ g6 39. h4 Kg7 40. Ne5 Qd6
41. Nc6 Bc5 42. Qe5+ Qxe5 43. Nxe5 f6 44. Nc4 Kf7 45. f4 Ke7 46. g4 Bd4 47. Kf3
Kd7 48. Ke4 Bg1 49. g5 hxg5 50. hxg5 Ke7 51. a5 bxa5 52. b6 fxg5 53. Nxa5 gxf4
1/2-1/2

[Event "Cracovia 2008 op A"]
[Site "Krakow"]
[Date "2008.12.27"]
[Round "1.50"]
[White "Pietruszewski, Marcin"]
[Black "Shilov, Sergej"]
[Result "1-0"]
[WhiteElo "2027"]
[BlackElo "2229"]
[PlyCount "63"]
[EventDate "2008.??.??"]

1. e4 d5 2. exd5 Nf6 3. d4 Bg4 4. Be2 Bxe2 5. Qxe2 Qxd5 6. Nf3 e6 7. O-O Nc6 8.
c4 Nxd4 9. Nxd4 Qxd4 10. Nc3 a6 11. Rd1 Qg4 12. Qxg4 Nxg4 13. Bf4 Rc8 14. Rd2
Be7 15. Rad1 Nf6 16. Be5 O-O 17. Bxf6 Bxf6 18. Ne4 Be7 19. Rd7 Rfe8 20. g4 f5
21. gxf5 exf5 22. Nc3 Bd6 23. Nd5 Kf8 24. Ne3 Rcd8 25. Rxd8 Rxd8 26. c5 Be7 27.
Rxd8+ Bxd8 28. Nxf5 Bf6 29. b3 Kf7 30. Ng3 Bd4 31. Ne4 Ke6 32. c6 1-0

[Event "Cracovia 2008 op A"]
[Site "Krakow"]
[Date "2008.12.27"]
[Round "1.51"]
[White "Kulon, Klaudia"]
[Black "Duda, Jan-Krzysztof"]
[Result "1/2-1/2"]
[WhiteElo "2228"]
[BlackElo "2013"]
[PlyCount "145"]
[EventDate "2008.??.??"]

1. e4 e5 2. Nf3 Nc6 3. Bb5 a6 4. Ba4 Nf6 5. O-O b5 6. Bb3 Be7 7. Re1 O-O 8. h3
d6 9. c3 Na5 10. Bc2 c5 11. d4 Qc7 12. Nbd2 Nc6 13. d5 Nd8 14. Nf1 Ne8 15. a4
Rb8 16. axb5 axb5 17. g4 g6 18. Ng3 Ng7 19. Bh6 f6 20. b4 Nf7 21. Be3 Bd7 22.
Qd2 Rfc8 23. Rec1 Ra8 24. Bb3 c4 25. Bc2 Qb7 26. Qd1 Bd8 27. Rxa8 Rxa8 28. Ra1
Ra6 29. Qb1 Qa8 30. Rxa6 Qxa6 31. Qb2 Qa8 32. Kg2 Bc8 33. Nd2 f5 34. gxf5 gxf5
35. exf5 Bb7 36. f3 Bxd5 37. Nde4 Bc6 38. Bb1 d5 39. Nd2 Bf6 40. Bc5 Bd7 41.
Ndf1 Qd8 42. Qa1 Bc6 43. Ne2 h5 44. Qa7 Ng5 45. h4 Nf7 46. Qa6 Qd7 47. Bf2 Nd6
48. Nfg3 Qb7 49. Qa2 Bd7 50. Qd2 Ndxf5 51. Bxf5 Bxf5 52. Qh6 Qf7 53. f4 Bg4 54.
fxe5 Bxe5 55. Nd4 Bh3+ 56. Kxh3 Qxf2 57. Qg5 Bxd4 58. Qxd5+ Kh7 59. Qe4+ Kh8
60. Qxd4 Qxd4 61. cxd4 Kg8 62. Ne4 Kf7 63. Nd6+ Ke6 64. Nxb5 Nf5 65. Nc3 Nxd4
66. b5 Nf5 67. Ne4 Kd5 68. Nf6+ Kc5 69. Nxh5 c3 70. Nf4 c2 71. Nd3+ Kxb5 72. h5
Kc4 73. Nc1 1/2-1/2

[Event "Cracovia 2008 op A"]
[Site "Krakow"]
[Date "2008.12.27"]
[Round "1.52"]
[White "Chrzaszcz, Malvina"]
[Black "Tyukhanov, Alexey"]
[Result "0-1"]
[WhiteElo "2010"]
[BlackElo "2227"]
[PlyCount "80"]
[EventDate "2008.??.??"]

1. e4 c6 2. d4 d5 3. Nc3 dxe4 4. Nxe4 Nf6 5. Nxf6+ exf6 6. c3 Bd6 7. Bd3 O-O 8.
Ne2 Re8 9. O-O Qc7 10. Ng3 Nd7 11. Qf3 Nf8 12. Bd2 Be6 13. b3 Ng6 14. Rae1 a5
15. Qh5 Bf4 16. Bxf4 Qxf4 17. Re4 Qd2 18. Qe2 Qxc3 19. Bc4 Nf8 20. d5 cxd5 21.
Bxd5 Qc8 22. Re1 Rd8 23. Bxe6 fxe6 24. Rc4 Qd7 25. Ne4 Rac8 26. Nc5 Qd5 27. Qe3
Rc6 28. h3 b5 29. Rcc1 Rdc8 30. Red1 Rxc5 31. Rxd5 Rxc1+ 32. Kh2 exd5 33. Qb6
R1c7 34. Qxa5 Rd7 35. Qxb5 d4 36. Qd3 Rc3 37. Qd2 Ne6 38. b4 Rcc7 39. Qe2 d3
40. Qxe6+ Kf8 0-1

[Event "Cracovia 2008 op A"]
[Site "Krakow"]
[Date "2008.12.27"]
[Round "1.53"]
[White "Veltkamp, Gerben"]
[Black "Sowul, Bartosz"]
[Result "1-0"]
[WhiteElo "2221"]
[BlackElo "2000"]
[PlyCount "68"]
[EventDate "2008.??.??"]

1. d4 Nf6 2. c4 g6 3. Nc3 Bg7 4. e4 d6 5. f4 O-O 6. Nf3 c5 7. d5 b5 8. cxb5 a6
9. a4 Qa5 10. Bd2 axb5 11. Bxb5 Ba6 12. O-O Qb6 13. Qe2 Bxb5 14. axb5 Nbd7 15.
h3 Qb7 16. Be3 Ne8 17. Rxa8 Qxa8 18. Bf2 Nc7 19. Rd1 Qb7 20. Bh4 Re8 21. e5 Nb6
22. f5 Nd7 23. fxg6 fxg6 24. Bg3 Qb6 25. Qc4 Rb8 26. Qh4 Bf8 27. Qg4 Rd8 28.
exd6 exd6 29. Bh4 Qb8 30. Rf1 Qc8 31. Bxd8 Qxd8 32. Ng5 Ne5 33. Qf4 Bh6 34. Nf7
Bxf4 1-0

[Event "Cracovia 2008 op A"]
[Site "Krakow"]
[Date "2008.12.27"]
[Round "1.54"]
[White "Turcheniac, Mariya"]
[Black "Wcislo, Damian"]
[Result "0-1"]
[WhiteElo "1979"]
[BlackElo "2219"]
[PlyCount "78"]
[EventDate "2008.??.??"]

1. e4 c5 2. Nf3 Nc6 3. d4 cxd4 4. Nxd4 Nf6 5. Nc3 d6 6. Be2 e5 7. Nb3 Be6 8.
O-O Be7 9. Kh1 a5 10. Be3 O-O 11. f4 a4 12. f5 Bc8 13. Nc1 a3 14. b3 Qa5 15.
Bd2 Qd8 16. Be3 Rb8 17. Bf3 b5 18. N1e2 Nb4 19. g4 h6 20. Rg1 Bb7 21. g5 hxg5
22. Bxg5 Nxe4 23. Bxe4 Bxg5 24. Bxb7 Rxb7 25. Ne4 Be3 26. f6 g6 27. N2c3 d5 28.
Qf3 dxe4 29. Qxe3 Qxf6 30. Raf1 Qc6 31. Nxe4 Nxc2 32. Qf3 Nd4 33. Qg2 f5 34.
Qxg6+ Qxg6 35. Rxg6+ Rg7 36. Nf6+ Kf7 37. Rxg7+ Kxg7 38. Nd7 Re8 39. Re1 e4 0-1